Sports Quiz

Random Sports Quiz

The Gracie Family In MMA Quiz Stats

 Plays Quiz not verified by Sporcle

Challenge
Share
Tweet
Embed
Score 0/19 Timer 02:00
0 Plays Today
Gracie Family Members % Correct
Royce Gracie
97%
Rickson Gracie
82.5%
Renzo Gracie
76.5%
Ryan Gracie
63.3%
Royler Gracie
57.2%
Roger Gracie
56%
Rolles Gracie Jr.
42.2%
Cesar Gracie
28.9%
Ralph Gracie
28.3%
Carlson Gracie Jr.
25.9%
Gracie Family Members % Correct
Ralek Gracie
23.5%
Daniel Gracie
21.1%
Rodrigo Gracie
17.5%
Igor Gracie
16.3%
Gregor Gracie
8.4%
Robin Gracie
7.8%
Charles Gracie
6.6%
Crosley Gracie
4.8%
Rhalan Gracie
2.4%

You're not logged in!

Compare scores with friends on all Sporcle quizzes.
OR
Log In

You Might Also Like...

Show Comments

Extras

Top Quizzes Today


Score Distribution

Your Account Isn't Verified!

In order to create a playlist on Sporcle, you need to verify the email address you used during registration. Go to your Sporcle Settings to finish the process.

Report this User

Report this user for behavior that violates our Community Guidelines.

Details: